000 00615nmm a2200169Ia 4500
008 251105s9999||||xx |||||||||||||||||und||
020 _a9788499800936
041 _aeng
100 _aHouse, Susan (coord.)
245 0 _aInglés : complementos de formación disciplinar : Theory and practice in English Language Teaching
264 _a[Madrid, España] :
_bMinisterio de Educación, Cultura y Deporte de España,
_c2011
300 _a160 páginas
490 _aFormación del profesorado. Educación secundaria
650 _aEducation
856 _uhttps://public.digitaliapublishing.com/a/30208
942 _cCF
999 _c93244
_d93244